000 00485nam a2200181Ia 4500
005 20250508152130.0
008 008 250505s9999 xx 000 0 eng d
037 _aTextual
040 _aFEDL
_beng
_cFEDL
041 _aeng
_2eng
084 _a623.821, ELL
_qFEDL
100 _aEllacott S E
_9760822
245 0 _aStory of ships
260 _aLondon, UK
_bMethuen and Co. Ltd.
_c1955
300 _a75p
942 _cTEXL
_h623.821, ELL
999 _c1334467
_d1334467